Statistics for Name that Greek Letter - Hard Version

Click here to take the quiz!

General Stats

  • This quiz has been taken 1,457 times
  • The average score is 23 of 60

Answer Stats

Letter% Correct
ΑAlpha
99%
ΒBeta
99%
θtheta
76%
ΩOmega
75%
ΣSigma
71%
ΕEpsilon
70%
σsigma
68%
εepsilon
67%
βbeta
66%
τtau
66%
ΚKappa
64%
ΟOmicron
63%
ΙIota
58%
κkappa
58%
ΜMu
58%
ΠPi
57%
πpi
56%
ζzeta
52%
ΡRho
51%
αalpha
49%
ιiota
49%
ΝNu
49%
ΓGamma
48%
δdelta
46%
ΗEta
45%
ΦPhi
44%
ΘTheta
42%
οomicron
41%
ξxi
40%
ςsigma
39%
ΔDelta
36%
ρrho
35%
ϐbeta
31%
ΤTau
31%
ηeta
28%
φphi
28%
μmu
25%
ϱrho
25%
ψpsi
24%
ϑtheta
23%
ΞXi
23%
ΖZeta
23%
ΨPsi
21%
υupsilon
20%
ΧChi
19%
ΛLambda
18%
ωomega
18%
χchi
16%
λlambda
16%
νnu
13%
ΥUpsilon
13%
ϖpi
10%
ϝdigamma
8%
γgamma
8%
ϰkappa
3%
ϙqoppa
3%
ϗϰ-α-ι
2%
ϻsan
2%
ϛσ-τ
2%
ȣο-υ
1%

Score Distribution

Percentile by Number Answered

Percent of People with Each Score

Your Score History

You have not taken this quiz